000 00994aam a2200301 a 4500
999 _c4015
_d4015
001 21764463
003 OCoLC
005 20181128103303.0
008 900227s1990 flu 000 0 eng
010 _a90080938
020 _a0939868040
040 _aDLC
_cDLC
_dBSC
082 _a231.74
_bS534P
092 _a231.745
_bH228p
100 1 _aHamon, Bill.
245 1 0 _aProphets and the prophetic movement /
_cby Bill Hamon ; forword by Gary Greenwald ; edited by Paul Thigpen.
246 3 3 _aProphetic movement.
260 _aPoint Washington, FL :
_bChristian International ;
_aShippensburg, PA :
_bDestiny Image,
_cc1990.
300 _axiii, 227 p. ;
_c21 cm.
490 1 _aProphets ;
_v2
500 _aTitle on t.p. verso: The prophetic movement.
500 _aSubtitle on cover: God's prophetic move today.
650 0 _aProphecy
_xChristianity.
650 0 _aPentecostalism.
700 1 _aThigpen, Thomas Paul,
_d1954-
800 1 _aHamon, Bill.
_tProphets ;
_v2.
942 _2ddc
_cBK